Szczegóły MARC21

Ekonomia [T.3], Zbiór zadań /

005 -DATA I CZAS OSTATNIEJ MODYFIKACJI [,]
    • @
    • pole kontrolne
    • 20070315155141.9
020 -Międzynarod. znormalizowany nr książki - ISBN [ , ]
    • a
    • Numer ISBN
    • 8320811643 Find
040 -Instytucja sporządzająca opis [ , ]
    • a
    • Instytucja, która sporządziła opis (NP)
    • SZCZ U
    • c
    • Instytucja, która sporządziła rekord (NP)
    • SZCZ U
041 -Język dokumentu [1, ]
    • a
    • Język tekstu (P)
    • polski
    • h
    • Język tekstu oryginalnego i/lub pośredniego (P)
    • angielski
942 -Rodzaj dokumentu [ , ]
    • c
    • Rodzaj dokumentu
    • Książka
245 -Strefa tytułu i oznaczenia odpowiedzialności [0, ]
    • a
    • Tytuł
    • Ekonomia Find
    • n
    • Oznaczenie części (P)
    • [T.3],
    • p
    • Nazwa części (P)
    • Zbiór zadań /
    • c
    • Pozostałe elementy strefy tytułu i oznaczenia odpowiedzialności (NP)
    • David Begg, Stanley Fisher, Rudiger Dornbush.
260 -Strefa adresu wydawniczego [ , ]
    • a
    • Miejsce wydania (P)
    • Warszawa :
    • b
    • Nazwa wydawcy (P)
    • Polskie Wydaw.Ekonomiczne,
    • c
    • Data wydania (P)
    • 1999.
300 -Strefa opisu fizycznego [ , ]
    • a
    • Określenie formy książki i/lub objętość (NP)
    • 517 s :
    • b
    • Oznaczenie ilustracji (NP)
    • rys :
    • c
    • Format (NP)
    • 24 cm.
500 -Uwaga ogólna [ , ]
    • a
    • Uwaga ogólna (NP)
    • Tł. z ang
080 -Uniwersalna Klasyfikacja Dziesiętna [ , ]
    • a
    • Symbol klasyfikacji
    • 33(075.8)
980 -Symbol UKD [ , ]
    • a
    • UKD
    • 33(075.8)
700 -Hasło dodatkowe - nazwa osobowa [ , ]
    • a
    • Nazwa osobowa (NP)
    • Begg David Find
700 -Hasło dodatkowe - nazwa osobowa [ , ]
    • a
    • Nazwa osobowa (NP)
    • Dornbusch Rudiger Find
700 -Hasło dodatkowe - nazwa osobowa [ , ]
    • a
    • Nazwa osobowa (NP)
    • Fischer Stanley Find
920 -ISBN [ , ]
    • a
    • ISBN
    • 83-208-1164-3 Find
Status udost. Numer inwentarzowy Sygnatura Lokalizacja Data inwentaryzacji
-6S.83981 BE1999-07-01
-6S.83982 BE1999-07-01
-6S.83983 BE1999-07-01
2S.84295 BE1999-09-29
2S.84296 BE1999-09-29
2S.84297 BE1999-09-29
2S.84298 BE1999-09-29
-3S.84299 BE1999-09-29
-3S.84300 BE1999-09-29
-3S.84301 BE1999-09-29
-2T.885 T1999-09-07
-3T.886T.886T1999-09-07
-3T.887T.887T1999-09-07
-3T.888T.888T1999-09-07
-3T.889T.889T1999-09-07
-3T.890T.890T1999-09-07
-3T.891T.891T1999-09-07
-3T.892T.892T1999-09-07
-3T.893T.893T1999-09-07
-3T.894T.894T1999-09-07